Current Research in drug abuse in India

Saved in:  
Bibliographic Details
Authors: Mohan, D. (Author) ; Sethi, H. S. (Author) ; Tongue, E. (Author)
Format: Print Book
Language:English
Published: Delhi Gemini Printers 1981
In:Year: 1981
Check availability: HBZ Gateway
Subito Delivery Service: Order now.

MARC

LEADER 00000cam a2200000 c 4500
001 1911146378
003 DE-627
005 20250721103611.0
007 tu
008 241206s1981 xx ||||| 00| ||eng c
035 |a (DE-627)1911146378 
035 |a (DE-599)KXP1911146378 
040 |a DE-627  |b ger  |c DE-627  |e rda 
041 |a eng 
100 1 |a Mohan, D.  |e VerfasserIn  |4 aut 
245 1 0 |a Current Research in drug abuse in India 
264 1 |a Delhi  |b Gemini Printers  |c 1981 
300 |a xix, 340 Seiten  |b Illustrationen 
336 |a Text  |b txt  |2 rdacontent 
337 |a ohne Hilfsmittel zu benutzen  |b n  |2 rdamedia 
338 |a Band  |b nc  |2 rdacarrier 
583 1 |a Archivierung prüfen  |c 20250503  |f DE-640  |z 1  |2 pdager 
700 1 |a Sethi, H. S.  |e VerfasserIn  |4 aut 
700 1 |a Tongue, E.  |e VerfasserIn  |4 aut 
935 |a mkri 
951 |a BO 
ELC |b 1 
LOK |0 000 xxxxxcx a22 zn 4500 
LOK |0 001 4632106070 
LOK |0 003 DE-627 
LOK |0 004 1911146378 
LOK |0 005 20241206132656 
LOK |0 008 241206||||||||||||||||ger||||||| 
LOK |0 040   |a DE-Frei85  |c DE-627  |d DE-Frei85 
LOK |0 852   |a DE-Frei85 
LOK |0 852 1  |m p  |9 00 
LOK |0 935   |a reko 
LOK |0 938   |k p 
LOK |0 939   |a 06-12-24  |b l01 
ORI |a SA-MARC-krimdoka001.raw